00645nam a2200169 i 450000100060000000300090000600500170001500700030003200800410003510000350007624501400011126000570025130000210030865000260032970000140035585201060036926380ES-MaACL20230906153431.0t|030109s1881 sp ||||1| spa d1 aArtigas y Teixidor, Primitivo.10aBreve reseña crítica relativa a la obra intitulada Le Chêne-Liege en Algérie por A. Lamey / cpor Primitivo Artigas y Teixidor. aMadrid : b[s.n.], c1881 (fImp. de Moreno y Rojas) a23 p. ; c25 cm. 4aAlcornoque-zArgelia.1 aLamey, A. aES-MaACLjT-831-F-8 z.- Enc. en un vol. facticio conservando la enc. originalz.- Ded. ms. del autor